Who owns your website? (Record no. 72041)
[ view plain ]
| 000 -LEADER | |
|---|---|
| fixed length control field | 01449cam a2200217 4500 |
| 001 - CONTROL NUMBER | |
| control field | ABS66357 |
| 008 - FIXED-LENGTH DATA ELEMENTS--GENERAL INFORMATION | |
| fixed length control field | 030203n2003 000 0 eng u |
| 035 ## - SYSTEM CONTROL NUMBER | |
| System control number | (Sirsi) u121223 |
| 245 ## - TITLE STATEMENT | |
| Title | Who owns your website? |
| 260 ## - PUBLICATION, DISTRIBUTION, ETC. | |
| Date of publication, distribution, etc. | 2003 |
| 490 ## - SERIES STATEMENT | |
| Series statement | Solicitors' Journal |
| Volume/sequential designation | 147(4) 31 January 2003, 105(1) |
| 520 ## - SUMMARY, ETC. | |
| Summary, etc. | Discusses the problems associated with the ownership of the intellectual property (IP) in a website. When a client commissions a site to be developed by an independent contractor, the client may believe that if they pay for the development they then own the work but this is not necessarily the case. With developers the commercial position is more complex, they may not wish to give away software coding but they may assign components that have been specifically designed for the client. The IP in a web site is largely copyright but other IPs may also be relevant. Some website owners include a third party's trade mark in the hidden meta content of the site. This was considered in "Reed Executive plc v Reed Business Information Ltd" [2002] when the former brought a successful action for trade mark infringement against Reed Business Information. |
| 590 ## - LOCAL NOTE (RLIN) | |
| Local note | ABS |
| 650 ## - SUBJECT ADDED ENTRY--TOPICAL TERM | |
| Topical term or geographic name entry element | INTERNET |
| 650 ## - SUBJECT ADDED ENTRY--TOPICAL TERM | |
| Topical term or geographic name entry element | INTERNET-PROTOCOL |
| 650 ## - SUBJECT ADDED ENTRY--TOPICAL TERM | |
| Topical term or geographic name entry element | WEBSITES |
| 650 ## - SUBJECT ADDED ENTRY--TOPICAL TERM | |
| Topical term or geographic name entry element | COPYRIGHT DESIGNS AND PATENTS ACT 1988 |
| 650 ## - SUBJECT ADDED ENTRY--TOPICAL TERM | |
| Topical term or geographic name entry element | REED EXECUTIVE PLC V REED BUSINESS INFORMATION LTD |
| 690 ## - LOCAL SUBJECT ADDED ENTRY--TOPICAL TERM (OCLC, RLIN) | |
| Topical term or geographic name as entry element | INFORMATION TECHNOLOGY-INTERNET |
| 942 ## - ADDED ENTRY ELEMENTS (KOHA) | |
| Suppress in OPAC | 0 |
| Withdrawn status | Lost status | Source of classification or shelving scheme | Damaged status | Not for loan | Home library | Current library | Shelving location | Date acquired | Total Checkouts | Full call number | Barcode | Date last seen | Copy number | Price effective from | Koha item type |
|---|---|---|---|---|---|---|---|---|---|---|---|---|---|---|---|
| Dewey Decimal Classification | London | London | Journal article | 03/02/2003 | ABS66357 | 121223-1001 | 06/08/2019 | 1 | 06/08/2019 | Journal article |